000 01066nam a2200301 i 4500
003 EG-GICUC
005 20260212152744.0
008 260212s1948 fr ||||fr ||| 00| 0 fre d
040 _aEG-GICUC
_cEG-GICUC
_dEG-GICUC
_erda
_bfre
041 _afre
082 0 4 _221
_a341.71
_bST . D
092 0 4 _221
099 _aLaw1 11 341.71 ST . D 1948
100 1 _aStrashnov,Georges
_eAuteur
245 _aLe Droit D’Auteur Et Les Droits Connexes En Radiodiffusion :
_bRégime Dans Les Pays Unionistes Et Non Unionistes /
_cGeorges Strashnov .
264 0 _aBruxelles ; Paris :
_bEtablissements Émile Bruylant ; Librairie Du Recueil Sirey ,
_c1948 .
300 _a260 Pages;
_c30 cm.
336 _atext
_2rda content
337 _aComputer
_2rda media
338 _aOnline Resource
_2rda carrier
546 _aTexte en français
650 0 4 _aDroit International Public
650 0 4 _aPolitique Internationale
700 1 _aKuypers,Julien
_ePréfacier
856 _uhttps://fll.law.cu.edu.eg/fulltext/th/B11-07265.pdf
905 _a59
942 _2ddc
_cBK
_e21
_n0
999 _c62825
_d62825